Comportamiento político y electoral /
Furkejuvvon:
| Váldodahkki: | |
|---|---|
| Eará dahkkit: | |
| Materiálatiipa: | Texto |
| Almmustuhtton: |
Barcelona:
Edit. Ariel
|
| Fáttát: | |
| Fáddágilkorat: |
Lasit fáddágilkoriid
Eai fáddágilkorat, Lasit vuosttaš fáddágilkora!
|
MARC
| LEADER | 00000 a a2200000 04500 | ||
|---|---|---|---|
| 001 | 32905 | ||
| 003 | |||
| 040 | |||
| 020 | |a 84-344-1823-1 | ||
| 090 | |a 205506 | ||
| 100 | |a Anduiza, Eva | ||
| 245 | |a Comportamiento político y electoral / |c Eva Anduiza | ||
| 260 | |a Barcelona: |b Edit. Ariel | ||
| 300 | |a 282 p. | ||
| 650 | |a COMPORTAMIENTO POLITICO | ||
| 650 | |a CONDICIONES SOCIALES | ||
| 650 | |a TEORIA POLITICA | ||
| 650 | |a VOTACION | ||
| 650 | |a PARTIDOS POLITICOS | ||
| 650 | |a EUROPA | ||
| 650 | |a ESPAÑA | ||
| 700 | |a Bosch, Agustí | ||
| 999 | |c 13499 |d 13499 | ||



